000 00575nam a2200181Ia 4500
003 OSt
005 20230714150118.0
008 190216s9999||||xx |||||||||||||| ||und||
020 _a9780198060017
040 _coclc
082 _a338.4791
_bROD/T
100 _aRoday, Sunetra
_95651
245 0 _aTourism Operations And Management /
_cSunetra Roday ; Archana Biwal ; Vandana Joshi
260 _bOxford University Press,
_c2010.
_aNew Delhi:
300 _a502p
650 _aTourism Management
942 _cBK
_2ddc
_h338.4791
_iROD/T
_k338.4791
_mROD/T
999 _c37289
_d37289